000
00331cam a2200133ua 4500
003
OSt
008
210805b ||||| |||| 00| 0 eng d
082
_a
894.812 4
_b
UNI/GA
245
_a
Gadyamanjari /
260
_a
Calicut :
_b
University of Calicut ,
_c
1971.
300
_a
198 ; .
650
_a
Essays - Malayalam
_9
4915
942
_c
BK
999
_c
974
_d
974